Statistics for Name the Harry Potter films/books.

Click here to take the quiz!

General Stats

  • This quiz has been taken 6 times
  • The average score is 6 of 7

Answer Stats

HintAnswer% Correct
Harry Potter and theChamber of Secrets
100%
Harry Potter and theDeathly Hallows
100%
Harry Potter and theGoblet of Fire
100%
Harry Potter and theHalf-Blood Prince
100%
Harry Potter and theOrder of the Phoenix
83%
Harry Potter and thePrisoner of Azkaban
83%
Harry Potter and thePhilosopher's Stone
67%

Score Distribution

Percentile by Number Answered

Percent of People with Each Score

Your Score History

You have not taken this quiz